000 00476nam a2200169Ia 4500
999 _c21843
_d21843
003 OSt
005 20200615150303.0
008 190216s9999||||xx |||||||||||||| ||und||
020 _a9781851683642
040 _coclc
082 _a303.38
_bSTE/G
100 _aStearns, Peter N
_92928
245 0 _aGlobal Outrage /
_cPeter N Stearns
260 _bOneworld Oxford,
_c2007.
_aEngland:
300 _a245p
942 _cBK
_2ddc
_h303.38
_iSTE/G
_k303.38
_mSTE/G